Ballon d'Or - classement 2019 - Statistiques

Statistiques générales
  • Ce quiz a été pris 60 fois
  • Le résultat moyen est 28 sur 30
Statistiques - réponses
Poste Club Nationalité Rang Réponse % Correct
Gardien Liverpool Brésil 7 Alisson
100%
Attaquant Juventus Portugal 3 Cristiano Ronaldo
100%
Attaquant Paris Saint-Germain France 6 Kylian Mbappé
100%
Attaquant FC Barcelone Argentine 1 Lionel Messi
100%
Attaquant Liverpool Egypte 5 Mohamed Salah
100%
Attaquant Bayern Munich Pologne 8 Robert Lewandowski
100%
Attaquant Liverpool Sénégal 4 Sadio Mané
100%
Attaquant Tottenham Corée du Sud 22 Son Heung-min
100%
Défenseur Liverpool Pays Bas 2 Virgil van Dijk
100%
Milieu Manchester City Portugal 9 Bernardo Silva
98%
Milieu FC Barcelone Pays Bas 11 Frenkie de Jong
98%
Gardien Tottenham France 23 Hugo Lloris
98%
Attaquant Real Madrid France 26 Karim Benzema
98%
Milieu Manchester City Belgique 14 Kevin De Bruyne
98%
Milieu Manchester City Algérie 10 Riyad Mahrez
98%
Attaquant FC Barcelone France 18 Antoine Griezmann
96%
Gardien FC Barcelone Allemagne 25 Marc-André ter Stegen
96%
Défenseur Paris Saint-Germain Brésil 29 Marquinhos
94%
Attaquant Arsenal Gabon 20 Pierre-Emerick Aubameyang
94%
Attaquant Liverpool Brésil 17 Roberto Firmino
94%
Attaquant Manchester City Argentine 16 Sergio Agüero
94%
Milieu Chelsea Belgique 13 Eden Hazard
92%
Milieu Liverpool Pays Bas 27 Georginio Wijnaldum
83%
Attaquant Atlético Madrid Portugal 28 João Félix
83%
Défenseur Naples Sénégal 24 Kalidou Koulibaly
81%
Défenseur Juventus Pays Bas 15 Matthijs de Ligt
81%
Défenseur Liverpool Angleterre 19 Trent Alexander-Arnold
81%
Attaquant Manchester City Angleterre 12 Raheem Sterling
77%
Attaquant Ajax Amsterdam Serbie 21 Dušan Tadić
73%
Milieu Ajax Amsterdam Pays Bas 30 Donny van de Beek
52%
Aucun quiz correspondant
Distribution des résultats
% des personnes avec chaque résultat
Percentile par nombre de réponses
Votre historique - résultats
Vous n’avez pas pris ce quiz